004790000a2200157000450024500550000065000100005565000130006565000200007865000150009865000170011365100220013065300540015204100130020610000190021977300830023810aNew Eleutherodactyline frog from amazonian Ecuador14aFauna14aAnfibios14aNuevas especies14aBiología14aMorfología 4pAmazonia, Ecuador gEleutherodactyluseEleutherodactylus orphnolaimus0 aInglés1 aLynch, John D.1 tProceedings of the Biological Society of Washington341h21q221-226d1970g83